| 000 | 00520nam a2200193Ia 4500 | ||
|---|---|---|---|
| 008 | 240510s9999 xx 000 0 und d | ||
| 020 | _a0003540679014 | ||
| 041 | _aEng | ||
| 082 | _a004 | ||
| 082 | _bM17 | ||
| 100 | _aNielsen, M. : Rivan, B. (Ed.) | ||
| 245 | 0 | _aMathematical foundations of computer science : lecture notes in computer science : Proceedings | |
| 260 | _bSpringer: Tokyo | ||
| 260 | _c2000 | ||
| 300 | _a710 p. | ||
| 650 | _amathematics : computer science : | ||
| 942 | _2ddc | ||
| 942 | _cLBK | ||
| 999 |
_c27723 _d27723 |
||
| 945 |
_a1 _bMadushi Gamage _c1 _dMadushi Gamage |
||